|
|
|
|
| LEADER |
00000nab a2200000 a 4500 |
| 001 |
vtls000477752 |
| 003 |
SK-MaSNL |
| 005 |
20260303005403.0 |
| 008 |
120927c xo 0 slo |
| 015 |
|
|
|a SNBRB19rr/mm-uuuuu
|
| 035 |
|
|
|a CL0477887
|
| 040 |
|
|
|a SNKBUCL
|b slo
|c SNKBUCL
|e AACR2
|
| 041 |
0 |
|
|a slo
|
| 044 |
|
|
|a xo
|c SK
|
| 080 |
|
|
|a 336.743
|2 1981
|
| 080 |
|
|
|a 338.23
|2 1981
|
| 100 |
1 |
|
|a Jusko, Marián
|4 aut
|9 613311
|
| 245 |
1 |
0 |
|a Menový program 1993: Viac úverov
|b Hovoríme s viceguvernérom Národnej banky Slovenska Mariánom Juskom
|c Marián Jusko, Ivan Podstupka
|
| 300 |
|
|
|b Fotogr. 1
|
| 650 |
0 |
7 |
|a menová politika
|2 snkbucl
|9 2307
|
| 655 |
|
7 |
|a články z novín a časopisov
|2 snkbucl
|9 267496
|
| 700 |
1 |
|
|a Podstupka, Ivan
|4 aut
|9 275288
|
| 773 |
0 |
|
|t Pravda
|g Roč. 3 (74), č. 75 (31. 3. 1993), s. 1 a 3
|
| 850 |
|
|
|a Slovenská národná knižnica v Martine
|a MTA001
|
| 852 |
|
|
|a SNK
|b KIS3GCP
|
| 958 |
|
|
|a RK
|
| 992 |
|
|
|a RBX
|
| 999 |
|
|
|c 1582287
|d 1584217
|